000 00295nam a22001337a 4500
008 170307b xxu||||| |||| 00| 0 eng d
020 _a9780077361389
041 _aeng
080 _27 ED
_a611
100 _a6
101 _aSHM
245 _aESSENTIAL ANTOMY PHYSIOLOGY
_cVAN.P
942 _2udc
_cBK
999 _c6970
_d6970